000 01337nam0a22002891 4500
001 rc\4316283
005 20141031145103.0
021 _aRU
_b[66-47615]
035 _a(NLR Aleph) 008510387
090 _a8165427
_c8165427
100 _a20130416d1966 |||y0rusy50 ca
101 0 _arus
102 _aRU
105 _aac b |||||
200 1 _aИз собрания Ф.Е. Вишневского
_eКаталог выставки
_f[Сост. и авт. вступ. статьи канд. филол. наук Г.Д. Кропивницкая
_g[Гос. музей А.С. Пушкина]
210 _aМосква
_cСов. художник
_d1966]
215 _a44 с., 8 л. ил.
_cпортр.
_d17х17
606 _aДекоративно-прикладное искусство
_z16-19 вв.
_xВыставки
_z1966
_yМосква
_2psbo
606 _aИзобразительное искусство
_z16-19 вв.
_xВыставки
_z1966
_yМосква
_2psbo
702 1 _aКропивницкая
_bГ. Д.
_4220
_4080
710 1 0 _aВишневский,
_gФеликс Евгеньевич
_cВыставка из частного собрания
_f1966
_eМосква
_3RU\NLR\AUTH\889981039
801 0 _aRU
_bNLR
_gpsbo
801 1 _aRU
_bELAR
_2rusmarc
852 _aNLR
_bЭ
_jКМ821/1966
942 _cBOOK
980 _aNB